ბათუმის შოთა რუსთაველის სახელმწიფო უნივერსიტეტის ბიბლიოთეკა

[წერო.-პარასკევა.-პოსეიდონის სასახლე.-მდგმურები. მოთხრობები (ბიბ.ჩანაწერი № 49017)

000 -LEADER
fixed length control field 01087nam a2200229Ia 4500
001 - CONTROL NUMBER
control field 15922
003 - CONTROL NUMBER IDENTIFIER
control field GE_BSU
008 - FIXED-LENGTH DATA ELEMENTS--GENERAL INFORMATION
fixed length control field 181216s||||||||xx |||||||||||||| ||und||
040 ## - CATALOGING SOURCE
Transcribing agency GE_BSU
080 ## - UNIVERSAL DECIMAL CLASSIFICATION NUMBER
Universal Decimal Classification number 821.353.1-32 + 821.353.1-31
100 ## - MAIN ENTRY--PERSONAL NAME
Personal name ჭილაძე, თამაზ
245 ## - TITLE STATEMENT
Title [წერო.-პარასკევა.-პოსეიდონის სასახლე.-მდგმურები. მოთხრობები
245 ## - TITLE STATEMENT
Remainder of title აუზი.-აჰა, მიიწურა ზამთარი. რომანები
245 ## - TITLE STATEMENT
Statement of responsibility, etc. რედ.ლ.ნანიტაშვილი მხ.კ.ფაჩულია
260 ## - PUBLICATION, DISTRIBUTION, ETC.
Place of publication, distribution, etc. თბილისი
260 ## - PUBLICATION, DISTRIBUTION, ETC.
Name of publisher, distributor, etc. საბჭ. საქართველო
260 ## - PUBLICATION, DISTRIBUTION, ETC.
Date of publication, distribution, etc. 1974
300 ## - PHYSICAL DESCRIPTION
Extent 647გვ. : ილ. ; 21სმ
653 ## - INDEX TERM--UNCONTROLLED
Uncontrolled term [წერო.-პარასკევა.-პოსეიდონის სასახლე.-მდგმურები.
653 ## - INDEX TERM--UNCONTROLLED
Uncontrolled term აუზი.-აჰა, მიიწურა ზამთარი. რომანები
942 ## - ADDED ENTRY ELEMENTS (KOHA)
Koha item type წიგნი
ეგზემპლარები
Withdrawn status Lost status Damaged status Not for loan Date acquired Barcode Date last seen Price effective from Koha item type
        2018-12-17 39233 2018-12-17 2018-12-17 წიგნი
        2018-12-17 39234 2018-12-17 2018-12-17 წიგნი